01350nam a2200421 i 45000010005000000030009000050050017000140080041000310150018000720200015000900350023001050350036001280350014001640350021001780350023001990350044002220400033002660410008002990460009003070800010003160800013003261000040003392450056003792600033004353000074004683360027005423370054005693380028006233800016006513880014006673880014006815040028006956500028007236500021007516580031007727100028008038560097008315117KOSZ 00520210215140427.0991116s1982 pl a |000 0 pol  aUWD 1982/2745 a8321329896 a991011988389705066 a(PL-WaBN)b13251429-48omnis_nlop ab13251429 a(OCoLC)830304177 a(PL)b0000001325142 a(EXLNZ-48OMNIS_NETWORK)9910515907005606 aWA NcWA NdKR UdKOSZ005/HR0 apol k1982 a534.8 a711.4/.81 aSadowski, Jerzyd(1924-2014)eAutor10aPodstawy akustyki urbanistycznej /cJerzy Sadowski. aWarszawa :b"Arkady",c1982. a305, [2] s., [8] k. tabl. kolor. :bil. pl. tab. wykr. err. ;c24 cm. aTekstbtxt2rdacontent aBez urządzenia pośredniczącegobn2rdamedia aWoluminbnc2rdacarrier aKsiążki a1901-2000 a1945-1989 aBibliogr. s. 301-[306]. 7aAkustyka budowlana2DBN 7aUrbanistyka2DBN aArchitektura i budownictwo2 aWydawnictwo Arkady4pbl uhttp://koha.tu.koszalin.pl/cgi-bin/koha/opac-detail.pl?biblionumber=5117yKatalog online BPK